• 首页
  • 本馆介绍
  • 公告通知
  • 最新文献
  • 馆藏检索
  • 电子资源
  • 读者导购
  • 参考咨询
  • 我的图书馆
  • 登录
  • 详细信息显示
  • 放入我的书架
  • 预约/预借图书
  • 作者相关作品
  • 分类相关作品
  • 丛书相关作品
  • 出版社相关作品

书目信息

  • 表格格式
  • 工作单格式
  • 卡片格式
书名: Power and society
作者: Thomas R. Dye.
分册号:
分册名:
出版地: Fort Worth :
 
出版社: Harcourt Brace College Publishers
出版时间: c1999.
页数: xiii, 370 p. :
开本: 24 cm.
丛书名:
中图分类号:
科图分类号:
其他分类号: D0
主题词:
电子资源:
000 01088nam a2200325 a 450
001 E0762158945
005 20070510171703.60
008 980908s1999 txuab b 001 0 eng
010    @a97077100
020    @a0155080806.
035    @A(DLC) 97077100
040    @aDLC@cDLC
050 00 @aH61@b.D95 1999
082 00 @a300@2 21
090    @aD0
099    @dD0@ex30=8
100 1  @aDye, Thomas R.
245 10 @aPower and society :@ban introduction to the social sciences / @cThomas R. Dye.
250    @a8th ed.
260    @aFort Worth :@bHarcourt Brace College Publishers,@cc1999.
300    @axiii, 370 p. :@bill., maps ;@c24 cm.
500    @aRev. ed. of: Power & society. 7th ed. c1996.
504    @aIncludes bibliographical references and index.
650  0 @aSocial sciences.
650  0 @aPower (Social sciences)
700 1  @aDye, Thomas R.@tPower & society.
906    @a7@bcbc@corignew@d2@eopcn@f19@gy-gencatlg
922    @aco
955    @apb11 09-08-98 to Cat.; se00 09-10-98; se20 11-20-98; se03 11-27-98
991    @bc-GenColl@hH61@i.D95 1999@tCopy 1@wBOOKS
    
    Power and society : : an introduction to the social sciences / / Thomas R. Dye.-8th ed.-Fort Worth : : Harcourt Brace College Publishers, , c1999.
    xiii, 370 p. : : ill., maps ; ; 24 cm.
    Rev. ed. of: Power & society. 7th ed. c1996.-Includes bibliographical references and index.
    
    ISBN 0155080806.
    
●
相关链接 在E读中查询图书 在五车中查询图书 在当当中查询图书 在豆瓣中查询图书


正题名:Power and society     索取号:D0/x30=8         预约/预借

序号 登录号 条形码 馆藏地/架位号 状态 备注
1 7903   300079037   第二样本阅览室/ [索取号:D0/x30=8] 在馆    
2 7904   300079046   第四借阅区/ [索取号:D0/x30=8] 在馆    
3 7905   300079055   第四借阅区/ [索取号:D0/x30=8] 在馆    
4 7906   300079064   密集书库/ [索取号:D0/x30=8] 在馆    
5 7907   300079073   密集书库/ [索取号:D0/x30=8] 在馆    
唐山师范学院图书馆 欢迎您!
大连网信软件有限公司© 版权所有